000 00957nam a2200301Ia 4500
001 Para_461
003 CHAP
008 220125s2000 xx 000 0 und d
010 _a199216
020 _a968 - 839 - 284 - 7
040 _cCHAP
082 _aPA 631.8 R62
100 _aRobinson, Raoul A.
_998011
245 _aRetorno a la resistencia :
_b fitomejoramiento para depender menos de los plaguicidas /
_c Robinson Raoul A. ; traducción de F. Romero
260 _aMontecillo, Méx. :
_b Colegio de Posgraduados
300 _a292 p.
650 _aPlantas
_x mejoramiento
_988849
650 _aPlantas
_x resistencia a enfermedades
_988882
650 _aPlantas
_x resistencia a plagas
_988885
700 _aRomero Rosales, Felipe, tr.
_9164520
901 _aPA 631.8 R62
902 _aM
905 _a0000002000 n 0000000000 00
910 _a2000
942 _cPARA
942 _cPARA
_d1
999 _c199216
_d199216